000 00492nam a22001817a 4500
999 _c525758
_d525758
003 NUST
005 20190704070733.0
038 _aFaiza
082 _a891.4393
_bSHA
100 _aShahida Yousaf
_916699
245 _aTanqeed Ki nai Jehtin /
_cShahida Yousaf
260 _aLahore:
_bNazariya Pakistan Akadmi,
_c1999.
300 _a136p. ;
500 _aHard Cover
880 _6100-01\r
_a شاہدہ یوسف
880 _6245-02\r
_a /تنقید کی نئی جہتیں
942 _2ddc
_cBK